| 000 | 00689nam a2200205 a 4500 | ||
|---|---|---|---|
| 005 | 20241030063733.0 | ||
| 008 | 991125s1996 arg 000 0 spa u | ||
| 035 | _aUPN01000052585 | ||
| 049 | _aCG | ||
| 050 | 4 |
_aLB1707 _aB5.7 |
|
| 100 | 1 | _aBlanchard Laville, Claudine | |
| 245 | 1 | 0 |
_aSaber y relación pedagógica : _bun enfoque clínico / _cClaudine Blanchard Laville. |
| 260 |
_aBuenos Aires : _bNovedades Educativas, _c1996. |
||
| 300 | _a126 p. | ||
| 440 | 4 |
_aLos documentos ; _v5 |
|
| 590 | _a(También localizas un ejemplar en el "Area de Reserva") | ||
| 590 | _aBibliografía Básica (BGTQ) | ||
| 650 | 2 |
_aMaestros _xFormacion profesional _xInvestigación _9792 |
|
| 905 | _aLibro | ||
| 999 |
_c52585 _d52585 |
||